| 000 | 00768nam a2200229 4500 | ||
|---|---|---|---|
| 003 | OSt | ||
| 005 | 20250214091814.0 | ||
| 008 | 231016s2021 mx ad||f |||| 001 0 spa d | ||
| 020 | _a9786071206046 | ||
| 040 |
_erda _cCHAP |
||
| 082 | 0 | 0 |
_222 _a338.17431 _bC76 |
| 245 | 0 | 0 |
_aContexto económico y competitividad en el mercado de la naranja mexicana / _cpor Ignacio Caamal Cauich ...[y cuatro más] |
| 264 | 1 |
_aMéxico: _bUniversidad Autónoma Chapingo, _c2021. |
|
| 300 |
_a174 páginas: _bIlustraciones, cuadros, gráficas |
||
| 336 |
_2rdacontent _atexto _btxt |
||
| 337 |
_2rdamedia _asin medio _bn |
||
| 338 |
_2rdacarrier _avolumen _bnc |
||
| 504 | _aIncluye índice y bibliografía | ||
| 700 | 1 |
_aCaamal Cauich, Ignacio _916527 |
|
| 942 | _2ddc | ||
| 942 | _cLIBRO | ||
| 999 |
_c219269 _d219269 |
||